000 00651nam a2200253Ia 4500
003 OSt
005 20221006144045.0
006 a|||||r|||| 00| 0
007 ta
008 221006b |||||||| |||| 00| 0 eng d
020 _cSh.1.00
024 _a10,752
037 _cTextual
040 _aEASL
_cEASL
_beng
041 _2eng
_aeng
082 _aW691.1, K4
100 _aDUAN Le
_9650793
245 0 _aOn some present international problems
260 _aHanoi
_bForeign Languages Publishing House
_c1964
300 _a183p.
_ccm.
490 _v Oth
942 _hW691.1, K4
_cTEXL
_2CC
999 _c1078838
_d1078838